Answers Contain "Fall" 🍂 - Statistics

General Stats
  • This quiz has been taken 18 times
  • The average score is 13 of 25
Answer Stats
Hint Answer % Correct
Between New York and Ontario Niagara Falls
94%
World’s tallest waterfall Angel Falls
88%
Zambia–Zimbabwe border giant Victoria Falls
81%
Largest South Dakota city Sioux Falls
69%
2012 Bond film Skyfall
69%
1981 series or 2024 film about stuntmen The Fall Guy
69%
Wooden horse The Fall of Troy
69%
1961 Elvis love song Can't Help Falling in Love
63%
1997 post-nuclear game Fallout
63%
1993 Michael Douglas movie Falling Down
56%
Expulsion from Eden The Fall of Man
56%
1995 hit song by TLC Waterfalls
56%
Argentina–Brazil cataracts Iguazu Falls
50%
1989 AD The Fall of the Berlin Wall
50%
Pop-punk band / Simpsons character Fall Out Boy
44%
1982 classic Atari jungle game Pitfall
44%
1453 AD The Fall of Constantinople
44%
476 AD The Fall of Rome
44%
1975 AD The Fall of Saigon
38%
1839 Poe short story The Fall of the House of Usher
38%
1972 glam rock concept album by Bowie The Rise and Fall of Ziggy Stardust and the Spiders from Mars
38%
1994 Brad Pitt frontier saga Legends of the Fall
25%
539 BC: Persia invades The Fall of Babylon
25%
2012 Oregon mystery cartoon Gravity Falls
19%
Same name as its Sierra Nevada park Yosemite Falls
19%
No matching quizzes found
Score Distribution
Percent of People with Each Score
Percentile by Number Answered
Your Score History
You have not taken this quiz